[Event "Northern Alberta op"]
[Site "Edmonton CAN"]
[Date "2013.02.17"]
[Round "4"]
[White "Wang, Richard"]
[Black "Reeve, Jeff"]
[Result "1/2-1/2"]
[WhiteElo "2476"]
[BlackElo "2314"]
[PlyCount "47"]
[GameId "2160767909381691"]
[EventDate "2013.02.16"]
[EventType "swiss"]
[EventRounds "5"]
[EventCountry "CAN"]
[SourceTitle "EXT 2014"]
[Source "ChessBase"]
[SourceDate "2013.11.20"]
[SourceVersion "1"]
[SourceVersionDate "2013.11.20"]
[SourceQuality "1"]

1. d4 Nf6 2. Nf3 g6 3. c4 Bg7 4. Nc3 O-O 5. e4 d6 6. h3 e5 7. d5 Nh5 8. Nh2 Qe8 9. g3 f5 10. exf5 gxf5 11. Be2 Nf6 12. g4 Na6 13. Rg1 Nc5 14. Be3 e4 15. Qd2 fxg4 16. O-O-O Bf5 17. Nxg4 Nxg4 18. Bxc5 dxc5 19. Bxg4 Qe5 20. Bxf5 Rxf5 21. Rg4 Raf8 22. Rdg1 R8f7 23. Rxe4 Qh2 24. Re8+ 1/2-1/2

[Event "Northern Alberta op"]
[Site "Edmonton CAN"]
[Date "2013.02.17"]
[Round "5"]
[White "Kassam, Jamil"]
[Black "Wang, Richard"]
[Result "0-1"]
[WhiteElo "1906"]
[BlackElo "2476"]
[PlyCount "84"]
[GameId "2160767909381692"]
[EventDate "2013.02.16"]
[EventType "swiss"]
[EventRounds "5"]
[EventCountry "CAN"]
[SourceTitle "EXT 2014"]
[Source "ChessBase"]
[SourceDate "2013.11.20"]
[SourceVersion "1"]
[SourceVersionDate "2013.11.20"]
[SourceQuality "1"]

1. f4 d6 2. Nf3 Bg4 3. e3 Nd7 4. Be2 e5 5. fxe5 dxe5 6. O-O Ngf6 7. b3 Bd6 8. Bb2 Qe7 9. Nc3 c6 10. Nh4 Bxe2 11. Qxe2 g6 12. e4 O-O-O 13. Nf3 Nh5 14. Kh1 Rde8 15. Rae1 Rhg8 16. Qc4 Kb8 17. d4 exd4 18. Qxd4 Ne5 19. g3 Rd8 20. Nd5 cxd5 21. Nxe5 f6 22. Ng4 Bxg3 23. Nxf6 Bxe1 24. Qe5+ Qxe5 25. Bxe5+ Kc8 26. Nxg8 Bh4 27. Nf6 Rf8 28. Kg2 Bxf6 29. exd5 Kd7 30. Bd4 b6 31. c4 Be7 32. Re1 Bd6 33. Kh3 Rf3+ 34. Kg2 Rd3 35. Be3 Rc3 36. Re2 Nf4+ 37. Bxf4 Bxf4 38. Rf2 g5 39. Kf1 Rc1+ 40. Kg2 Rc3 41. Kf1 Kd6 42. Kg2 Rd3 0-1

[Event "Alberta-ch U20"]
[Site "Calgary CAN"]
[Date "2011.11.05"]
[Round "1"]
[White "Shi, Diwen"]
[Black "Wang, Richard"]
[Result "0-1"]
[WhiteElo "1779"]
[BlackElo "2329"]
[PlyCount "52"]
[GameId "2160767909573638"]
[EventDate "2011.11.05"]
[EventType "swiss"]
[EventRounds "5"]
[EventCountry "CAN"]
[SourceTitle "EXT 2022"]
[Source "ChessBase"]
[SourceDate "2021.10.06"]
[SourceVersion "1"]
[SourceVersionDate "2021.10.06"]
[SourceQuality "1"]

1. d4 d5 2. c4 c6 3. Nf3 Nf6 4. Nc3 dxc4 5. Ne5 b5 6. g3 e6 7. Bg2 Nd5 8. O-O Bb7 9. e3 Nd7 10. Qe2 Nxe5 11. dxe5 Qc7 12. f4 Be7 13. Ne4 O-O 14. Bd2 a5 15. Qg4 Bc8 16. Ng5 h6 17. Be4 hxg5 18. Qh5 f5 19. fxg5 Bxg5 20. Qxg5 fxe4 21. Rxf8+ Kxf8 22. Qh5 Bb7 23. Qh8+ Kf7 24. Rf1+ Kg6 25. Qh4 Qxe5 26. g4 b4 0-1

[Event "Alberta-ch U20"]
[Site "Calgary CAN"]
[Date "2011.11.05"]
[Round "2"]
[White "Wang, Richard"]
[Black "Singh, Krishneel"]
[Result "1-0"]
[WhiteElo "2329"]
[BlackElo "1812"]
[PlyCount "49"]
[GameId "2160767909573644"]
[EventDate "2011.11.05"]
[EventType "swiss"]
[EventRounds "5"]
[EventCountry "CAN"]
[SourceTitle "EXT 2022"]
[Source "ChessBase"]
[SourceDate "2021.10.06"]
[SourceVersion "1"]
[SourceVersionDate "2021.10.06"]
[SourceQuality "1"]

1. d4 d5 2. Nf3 Nf6 3. e3 c6 4. c4 e6 5. b3 Nbd7 6. Bd3 Bd6 7. Bb2 Qc7 8. O-O O-O 9. Nbd2 e5 10. c5 Bxc5 11. dxe5 Ng4 12. Qc2 Qb6 13. h3 Nxf2 14. Kxf2 Bxe3+ 15. Kg3 d4 16. Nc4 Qc7 17. Bxh7+ Kh8 18. Bf5 Nxe5 19. Nfxe5 f6 20. Qe4 fxe5 21. Nxe3 Rf6 22. Ng4 Bxf5 23. Rxf5 Rxf5 24. Qxf5 Re8 25. Qh5+ 1-0

[Event "Alberta-ch U20"]
[Site "Calgary CAN"]
[Date "2011.11.05"]
[Round "3"]
[White "Wang, Yuekai"]
[Black "Wang, Richard"]
[Result "0-1"]
[WhiteElo "1801"]
[BlackElo "2329"]
[PlyCount "52"]
[GameId "2160767909573649"]
[EventDate "2011.11.05"]
[EventType "swiss"]
[EventRounds "5"]
[EventCountry "CAN"]
[SourceTitle "EXT 2022"]
[Source "ChessBase"]
[SourceDate "2021.10.06"]
[SourceVersion "1"]
[SourceVersionDate "2021.10.06"]
[SourceQuality "1"]

1. e4 c5 2. Nf3 d6 3. d4 cxd4 4. Nxd4 Nf6 5. Nc3 g6 6. Be3 Bg7 7. Bc4 Nc6 8. Bb3 Bd7 9. f3 O-O 10. Qd2 Rc8 11. O-O-O Ne5 12. Bh6 Bxh6 13. Qxh6 a5 14. Kb1 Rxc3 15. bxc3 a4 16. h4 axb3 17. cxb3 Qa5 18. Qd2 b5 19. g4 Nxf3 20. Qf4 Nxd4 21. cxd4 Bxg4 22. Rc1 Qb4 23. Qf3 Bxf3 24. Rc4 bxc4 25. Rd1 Bxe4+ 26. Rd3 Kg7 0-1

[Event "Alberta-ch U20"]
[Site "Calgary CAN"]
[Date "2011.11.06"]
[Round "4"]
[White "Wang, Richard"]
[Black "Zhang, David"]
[Result "0-1"]
[WhiteElo "2329"]
[BlackElo "2186"]
[PlyCount "104"]
[GameId "2160767909573652"]
[EventDate "2011.11.05"]
[EventType "swiss"]
[EventRounds "5"]
[EventCountry "CAN"]
[SourceTitle "EXT 2022"]
[Source "ChessBase"]
[SourceDate "2021.10.06"]
[SourceVersion "1"]
[SourceVersionDate "2021.10.06"]
[SourceQuality "1"]

1. d4 Nf6 2. Nf3 g6 3. Bg5 Bg7 4. Nbd2 d5 5. e3 O-O 6. c3 Bf5 7. Qb3 b6 8. c4 dxc4 9. Bxc4 Nc6 10. Qa3 Na5 11. Ba6 Bc8 12. Bd3 Qd6 13. Qa4 Bd7 14. Qc2 Qc6 15. Rc1 Qxc2 16. Rxc2 Nd5 17. a3 Ba4 18. Rc1 h6 19. b4 hxg5 20. bxa5 g4 21. Ne5 c5 22. axb6 axb6 23. g3 Rfd8 24. Ke2 Bxe5 25. dxe5 Bc6 26. Nb1 Nc3+ 27. Nxc3 Bf3+ 28. Kd2 Bxh1 29. Kc2 Bc6 30. Rb1 Rxa3 31. Rxb6 Ba4+ 32. Kb2 Rb3+ 33. Rxb3 Bxb3 34. Bxg6 c4 35. Bf5 Rd2+ 36. Ka3 Rxf2 37. Bxg4 Rxh2 38. e6 Rg2 39. exf7+ Kxf7 40. Bh5+ Kg7 41. Kb4 Rxg3 42. e4 Kf6 43. Be8 Ke5 44. Bc6 Re3 45. Bd5 Kd4 46. Nb5+ Kd3 47. Nc3 Rh3 48. Be6 Rh8 49. Bd5 Rb8+ 50. Nb5 Ba2 51. Ka4 Rxb5 52. Kxb5 c3 0-1

[Event "Alberta-ch U20"]
[Site "Calgary CAN"]
[Date "2011.11.06"]
[Round "5"]
[White "Miller, David"]
[Black "Wang, Richard"]
[Result "1-0"]
[WhiteElo "2066"]
[BlackElo "2329"]
[PlyCount "119"]
[GameId "2160767909573653"]
[EventDate "2011.11.05"]
[EventType "swiss"]
[EventRounds "5"]
[EventCountry "CAN"]
[SourceTitle "EXT 2022"]
[Source "ChessBase"]
[SourceDate "2021.10.06"]
[SourceVersion "1"]
[SourceVersionDate "2021.10.06"]
[SourceQuality "1"]

1. e4 c5 2. Nf3 d6 3. d4 cxd4 4. Nxd4 Nf6 5. Nc3 g6 6. Be3 Bg7 7. f3 Nc6 8. Qd2 Bd7 9. Bc4 O-O 10. Bb3 Rc8 11. O-O-O Ne5 12. Kb1 a5 13. g4 b5 14. g5 Nh5 15. f4 Nc4 16. Bxc4 Rxc4 17. b3 Rc8 18. Ndxb5 Bxb5 19. Nxb5 Qd7 20. a4 Qh3 21. Rhf1 f6 22. f5 fxg5 23. Nd4 Bxd4 24. Bxd4 Nf4 25. Qxa5 Qxh2 26. Rd2 Qh3 27. Rxf4 gxf4 28. Qd5+ Rf7 29. a5 gxf5 30. e5 dxe5 31. Qxe5 Rf6 32. Qxe7 Rg6 33. Qe5 Rf8 34. Bc3 Qh6 35. Rd7 Rgf6 36. Qd5+ R6f7 37. Rd6 Qg5 38. Qe5 Rg7 39. Qxg7+ Qxg7 40. Bxg7 Kxg7 41. Rd4 Kg6 42. Rxf4 Kg5 43. Rf1 Rb8 44. Kb2 f4 45. Rg1+ Kf5 46. Rh1 Rb7 47. Ka3 Ke4 48. b4 Kd5 49. Rh5+ Ke4 50. a6 Ra7 51. b5 f3 52. Ka4 f2 53. Rh1 Kf3 54. Rf1 Re7 55. b6 Re4+ 56. Kb5 Re5+ 57. Kc6 Re6+ 58. Kb7 Re7+ 59. Kb8 Re6 60. Ka7 1-0

[Event "Battle of Alberta"]
[Site "Red Deer CAN"]
[Date "2011.09.24"]
[Round "1.4"]
[White "Wang, Richard"]
[Black "Neven, Knut"]
[Result "1-0"]
[WhiteElo "2330"]
[BlackElo "2235"]
[PlyCount "63"]
[GameId "2160767909648263"]
[EventDate "2011.09.24"]
[EventType "team-match"]
[EventRounds "2"]
[EventCountry "CAN"]
[SourceTitle "EXT 2022"]
[Source "ChessBase"]
[SourceDate "2021.10.06"]
[SourceVersion "1"]
[SourceVersionDate "2021.10.06"]
[SourceQuality "1"]

1. d4 Nf6 2. Nf3 g6 3. Bg5 d5 4. Nbd2 Bg7 5. e3 c5 6. c3 Qb6 7. Qb3 O-O 8. Be2 Nc6 9. O-O Be6 10. Bf4 Qxb3 11. axb3 cxd4 12. exd4 Ne4 13. Nxe4 dxe4 14. Nd2 f5 15. b4 a6 16. Nc4 Bxc4 17. Bxc4+ Kh8 18. Bd5 Rac8 19. f3 exf3 20. Bxf3 Bf6 21. Rae1 g5 22. Bxc6 Rxc6 23. d5 Rcc8 24. Be5 f4 25. Bxf6+ exf6 26. Re7 b5 27. d6 Kg8 28. d7 Rcd8 29. Rfe1 h5 30. b3 Rb8 31. Re8 Kf7 32. R1e7+ 1-0

[Event "Edmonton int."]
[Site "Edmonton CAN"]
[Date "2011.07.28"]
[Round "2"]
[White "Wang, Richard"]
[Black "Gardner, Robert"]
[Result "1-0"]
[WhiteElo "2240"]
[BlackElo "2188"]
[PlyCount "57"]
[GameId "2160767909649199"]
[EventDate "2011.07.27"]
[EventType "tourn"]
[EventRounds "9"]
[EventCountry "CAN"]
[EventCategory "4"]
[SourceTitle "CBM 143 Extra"]
[Source "ChessBase"]
[SourceDate "2011.08.29"]
[SourceVersion "1"]
[SourceVersionDate "2011.08.29"]
[SourceQuality "1"]

1. d4 Nf6 2. Nf3 e6 3. e3 b6 4. Bd3 Bb7 5. O-O d5 6. b3 Bd6 7. Bb2 O-O 8. Ne5 c5 9. f4 Nc6 10. Nd2 Nb4 11. Be2 Ne4 12. a3 Nc6 13. Nxe4 dxe4 14. c4 f6 15. Nxc6 Bxc6 16. Qe1 Qc7 17. Qg3 Rf7 18. h4 Rd8 19. h5 Qe7 20. Rfd1 Kh8 21. Bg4 Rg8 22. Bxe6 Qxe6 23. d5 Bxd5 24. Rxd5 Bc7 25. Rad1 f5 26. Kf2 h6 27. Qg6 Re8 28. Be5 Ree7 29. Rd8+ 1-0

[Event "Edmonton int."]
[Site "Edmonton CAN"]
[Date "2011.07.29"]
[Round "4"]
[White "Wang, Richard"]
[Black "Valencia, Belsar"]
[Result "1/2-1/2"]
[WhiteElo "2240"]
[BlackElo "2204"]
[PlyCount "164"]
[GameId "2160767909649209"]
[EventDate "2011.07.27"]
[EventType "tourn"]
[EventRounds "9"]
[EventCountry "CAN"]
[EventCategory "4"]
[SourceTitle "CBM 143 Extra"]
[Source "ChessBase"]
[SourceDate "2011.08.29"]
[SourceVersion "1"]
[SourceVersionDate "2011.08.29"]
[SourceQuality "1"]

1. d4 Nf6 2. Nf3 e6 3. e3 b6 4. Bd3 Bb7 5. O-O c5 6. c4 Be7 7. Nc3 d6 8. b3 Nbd7 9. Bb2 O-O 10. d5 e5 11. Nd2 Re8 12. f4 exf4 13. exf4 Bf8 14. Qf3 g6 15. Nce4 Nxe4 16. Nxe4 f5 17. Ng5 Bg7 18. Bxg7 Kxg7 19. Bxf5 Nf8 20. Qc3+ Qf6 21. Qxf6+ Kxf6 22. Bd3 Rad8 23. Rae1 Rxe1 24. Rxe1 Bc8 25. Kf2 h6 26. Ne4+ Kf7 27. h3 Bf5 28. g4 Bxe4 29. Rxe4 g5 30. fxg5 hxg5 31. Re1 Nd7 32. Re6 Nf8 33. Rh6 Kg7 34. Rh5 Kf6 35. Bf5 Re8 36. Rh6+ Ke5 37. h4 gxh4 38. Rxh4 Re7 39. Rh3 Rf7 40. Ke3 a6 41. Rh5 Kf6 42. Rh6+ Ke5 43. Rh5 Kf6 44. Rh6+ Ke5 45. Bc8 Rg7 46. a4 a5 47. Bf5 Rf7 48. Rh8 Kf6 49. Kf4 Kg7 50. Rh1 Re7 51. Rh3 Re2 52. Re3 Rd2 53. Kg5 Kf7 54. Rh3 Rb2 55. Kf4 Rf2+ 56. Rf3 Rb2 57. g5 Ng6+ 58. Bxg6+ Kxg6 59. Rh3 Rf2+ 60. Ke3 Rb2 61. Kf4 Rf2+ 62. Ke3 Rb2 63. Rh6+ Kxg5 64. Rxd6 Rxb3+ 65. Kd2 Kf5 66. Kc2 Rb4 67. Kc3 Rb1 68. Re6 Rc1+ 69. Kd3 Rh1 70. Rxb6 Rh3+ 71. Kc2 Ke5 72. Rc6 Kd4 73. d6 Kxc4 74. d7 Rc3+ 75. Kb2 Rd3 76. Rc7 Rd2+ 77. Kc1 Rd3 78. Kc2 Rc3+ 79. Kd2 Rd3+ 80. Kc2 Rc3+ 81. Kb2 Rb3+ 82. Kc2 Rc3+ 1/2-1/2

[Event "Edmonton int."]
[Site "Edmonton CAN"]
[Date "2011.07.30"]
[Round "5"]
[White "Shabalov, Alexander"]
[Black "Wang, Richard"]
[Result "1-0"]
[WhiteElo "2577"]
[BlackElo "2240"]
[PlyCount "71"]
[GameId "2160767909649213"]
[EventDate "2011.07.27"]
[EventType "tourn"]
[EventRounds "9"]
[EventCountry "CAN"]
[EventCategory "4"]
[SourceTitle "CBM 143 Extra"]
[Source "ChessBase"]
[SourceDate "2011.08.29"]
[SourceVersion "1"]
[SourceVersionDate "2011.08.29"]
[SourceQuality "1"]

1. d4 d5 2. c4 c6 3. Nc3 dxc4 4. e4 e5 5. dxe5 Qxd1+ 6. Nxd1 b5 7. f4 g6 8. Nf3 Be6 9. Be2 Bc5 10. Be3 Nd7 11. O-O f6 12. Bxc5 Nxc5 13. Nf2 O-O-O 14. g4 f5 15. exf5 gxf5 16. b4 Nd3 17. Bxd3 cxd3 18. Ng5 Bc4 19. gxf5 Ne7 20. f6 Ng6 21. Nfe4 h6 22. Nf3 Nxf4 23. Kf2 Rhg8 24. Ke3 Nd5+ 25. Kd2 Rg2+ 26. Rf2 Rxf2+ 27. Nxf2 Nxb4 28. Ne4 Bxa2 29. Rxa2 Nxa2 30. e6 Rh8 31. Ne5 Nb4 32. Ng6 Na6 33. Nxh8 Nc7 34. Nc5 Kd8 35. f7 Ke7 36. Ng6+ 1-0

[Event "Edmonton int."]
[Site "Edmonton CAN"]
[Date "2011.07.30"]
[Round "6"]
[White "Benjamin, Joel"]
[Black "Wang, Richard"]
[Result "1-0"]
[WhiteElo "2553"]
[BlackElo "2240"]
[PlyCount "65"]
[GameId "2160767909649216"]
[EventDate "2011.07.27"]
[EventType "tourn"]
[EventRounds "9"]
[EventCountry "CAN"]
[EventCategory "4"]
[SourceTitle "CBM 143 Extra"]
[Source "ChessBase"]
[SourceDate "2011.08.29"]
[SourceVersion "1"]
[SourceVersionDate "2011.08.29"]
[SourceQuality "1"]

1. c4 c5 2. Nf3 Nc6 3. e3 g6 4. d4 cxd4 5. exd4 Bg7 6. Nc3 d6 7. d5 Ne5 8. Nxe5 Bxe5 9. Be2 Bg7 10. O-O Nh6 11. Re1 O-O 12. Bg5 Nf5 13. Bd3 Re8 14. Qd2 Bd7 15. Rac1 Rc8 16. b3 a6 17. Ne2 Qb6 18. Bxf5 Bxf5 19. Ng3 e6 20. dxe6 fxe6 21. Nxf5 exf5 22. Qd5+ Kh8 23. Be7 Bf8 24. Bf6+ Bg7 25. Qf7 Bxf6 26. Rxe8+ Rxe8 27. Qxe8+ Kg7 28. Qd7+ Kh6 29. Rd1 Be5 30. Rd3 Qa5 31. Rh3+ Kg5 32. Qe7+ Bf6 33. f4+ 1-0

[Event "Edmonton int."]
[Site "Edmonton CAN"]
[Date "2011.07.31"]
[Round "7"]
[White "Wang, Richard"]
[Black "Melekhina, Alisa"]
[Result "0-1"]
[WhiteElo "2240"]
[BlackElo "2263"]
[PlyCount "78"]
[GameId "2160767909649224"]
[EventDate "2011.07.27"]
[EventType "tourn"]
[EventRounds "9"]
[EventCountry "CAN"]
[EventCategory "4"]
[SourceTitle "CBM 143 Extra"]
[Source "ChessBase"]
[SourceDate "2011.08.29"]
[SourceVersion "1"]
[SourceVersionDate "2011.08.29"]
[SourceQuality "1"]

1. d4 Nf6 2. Nf3 c6 3. e3 d6 4. Nbd2 g6 5. Be2 Bg7 6. O-O O-O 7. b3 Nbd7 8. Bb2 b6 9. a4 a5 10. c4 Nb8 11. Ne1 Na6 12. Nd3 Bf5 13. Rc1 Ne4 14. Bf3 Ng5 15. e4 Nxf3+ 16. Qxf3 Bd7 17. Rfe1 c5 18. d5 e5 19. dxe6 fxe6 20. Qg3 e5 21. Nf1 Bf6 22. Rc2 Nb8 23. Qe3 Nc6 24. Qe2 Nd4 25. Bxd4 cxd4 26. Nd2 Bg5 27. Rf1 h5 28. h3 Bh6 29. Kh2 Rf7 30. g3 Qc8 31. h4 Bh3 32. Rg1 Bg4 33. Qe1 Qd7 34. Rf1 Raf8 35. Qb1 Be2 36. Ra2 Bxd3 37. Qxd3 Rxf2+ 38. Rxf2 Rxf2+ 39. Kg1 Be3 0-1

[Event "Edmonton int."]
[Site "Edmonton CAN"]
[Date "2011.08.01"]
[Round "8"]
[White "Abrahamyan, Tatev"]
[Black "Wang, Richard"]
[Result "1/2-1/2"]
[WhiteElo "2343"]
[BlackElo "2240"]
[PlyCount "71"]
[GameId "2160767909649225"]
[EventDate "2011.07.27"]
[EventType "tourn"]
[EventRounds "9"]
[EventCountry "CAN"]
[EventCategory "4"]
[SourceTitle "CBM 143 Extra"]
[Source "ChessBase"]
[SourceDate "2011.08.29"]
[SourceVersion "1"]
[SourceVersionDate "2011.08.29"]
[SourceQuality "1"]

1. e4 c5 2. Nf3 d6 3. d4 cxd4 4. Nxd4 Nf6 5. Nc3 g6 6. Be3 Bg7 7. f3 Nc6 8. Bc4 Bd7 9. Bb3 Rc8 10. Qd2 O-O 11. O-O-O Ne5 12. h4 h5 13. Bg5 Rc5 14. Kb1 a5 15. g4 Rxc3 16. Qxc3 a4 17. Bd5 Qb6 18. Bxf6 Bxf6 19. gxh5 Rc8 20. Qe3 e6 21. Qf4 Bh8 22. Bb3 axb3 23. axb3 gxh5 24. Ne2 Qa6 25. Rhg1+ Ng6 26. Qd2 Bg7 27. Nf4 Ra8 28. c3 Nxf4 29. Qxf4 Kf8 30. Qg3 Bf6 31. Rxd6 Bc6 32. Rgd1 Qb5 33. Qf4 Qe5 34. Qh6+ Ke7 35. Qd2 Kf8 36. Qh6+ 1/2-1/2

[Event "CAN-op (Pinnacle 48th CAN Op Ch)"]
[Site "Toronto CAN"]
[Date "2011.07.09"]
[Round "1"]
[White "Pedersen, Rick"]
[Black "Wang, Richard"]
[Result "0-1"]
[WhiteElo "1988"]
[BlackElo "2240"]
[PlyCount "102"]
[GameId "2160767909706975"]
[EventDate "2011.07.09"]
[EventType "swiss"]
[EventRounds "9"]
[EventCountry "CAN"]
[SourceTitle "CBM 143 Extra"]
[Source "ChessBase"]
[SourceDate "2011.08.29"]
[SourceVersion "1"]
[SourceVersionDate "2011.08.29"]
[SourceQuality "1"]

1. d3 d5 2. g3 Nf6 3. Nf3 Bf5 4. Bg2 e6 5. Nbd2 Be7 6. c4 c6 7. a3 Nbd7 8. O-O O-O 9. b3 h6 10. Bb2 Re8 11. Nh4 Bh7 12. d4 Ne4 13. Nxe4 dxe4 14. Bh3 Bxh4 15. gxh4 Qxh4 16. Bg2 Nf6 17. f3 Rad8 18. Qe1 Qxe1 19. Raxe1 exf3 20. Bxf3 Be4 21. e3 Bxf3 22. Rxf3 Ne4 23. Re2 f5 24. h4 g6 25. Rg2 Kf7 26. Kf1 b5 27. cxb5 cxb5 28. Ke1 Rc8 29. Kd1 Red8 30. Rh3 Rh8 31. Rhh2 Rhg8 32. Rc2 Ke7 33. Rhg2 Rxc2 34. Rxc2 Kd6 35. Bc3 Nxc3+ 36. Rxc3 g5 37. hxg5 hxg5 38. Ke2 g4 39. a4 bxa4 40. bxa4 Rb8 41. Rc2 Rb4 42. Ra2 a5 43. Kf2 Kd5 44. Ra3 Kc4 45. Ra1 Kd3 46. Ra3+ Ke4 47. Kg3 Rc4 48. Rb3 Rxa4 49. Rb5 Kxe3 50. d5 exd5 51. Rxd5 Ke4 0-1

[Event "CAN-op (Pinnacle 48th CAN Op Ch)"]
[Site "Toronto CAN"]
[Date "2011.07.10"]
[Round "2"]
[White "Wang, Richard"]
[Black "Botez, Alexandra"]
[Result "1-0"]
[WhiteElo "2240"]
[BlackElo "1950"]
[PlyCount "66"]
[GameId "2160767909707061"]
[EventDate "2011.07.09"]
[EventType "swiss"]
[EventRounds "9"]
[EventCountry "CAN"]
[SourceTitle "CBM 143 Extra"]
[Source "ChessBase"]
[SourceDate "2011.08.29"]
[SourceVersion "1"]
[SourceVersionDate "2011.08.29"]
[SourceQuality "1"]

1. d4 Nf6 2. Nf3 g6 3. Bg5 Bg7 4. Nbd2 O-O 5. c3 d5 6. e3 Nbd7 7. Bd3 b6 8. O-O Bb7 9. a4 c5 10. Qe2 Ne4 11. Bf4 Re8 12. Rfd1 Nxd2 13. Qxd2 f6 14. Bg3 e5 15. dxe5 Nxe5 16. Be2 Qe7 17. a5 Bc6 18. axb6 axb6 19. Qc2 Ra7 20. Qb3 Rea8 21. Rxa7 Qxa7 22. Nxe5 fxe5 23. h3 Kh8 24. Bb5 Bxb5 25. Qxb5 Qb7 26. b4 cxb4 27. cxb4 Rd8 28. e4 d4 29. Bxe5 Qxe4 30. Qxb6 Qh4 31. Qc7 Bxe5 32. Qxe5+ Kg8 33. Rd3 Rd7 1-0

[Event "CAN-op (Pinnacle 48th CAN Op Ch)"]
[Site "Toronto CAN"]
[Date "2011.07.11"]
[Round "3"]
[White "Krush, Irina"]
[Black "Wang, Richard"]
[Result "1/2-1/2"]
[WhiteElo "2487"]
[BlackElo "2240"]
[PlyCount "58"]
[GameId "2160767909707101"]
[EventDate "2011.07.09"]
[EventType "swiss"]
[EventRounds "9"]
[EventCountry "CAN"]
[SourceTitle "CBM 143 Extra"]
[Source "ChessBase"]
[SourceDate "2011.08.29"]
[SourceVersion "1"]
[SourceVersionDate "2011.08.29"]
[SourceQuality "1"]

1. d4 d5 2. c4 c6 3. Nf3 Nf6 4. e3 Bf5 5. Nc3 e6 6. Nh4 Bg6 7. Nxg6 hxg6 8. a3 Nbd7 9. Bd2 Be7 10. Rc1 O-O 11. cxd5 exd5 12. Bd3 Re8 13. O-O Rc8 14. Bb1 Bf8 15. Na4 Ne4 16. Bb4 Bxb4 17. axb4 f5 18. Nc3 Nd6 19. b5 Nxb5 20. Nxb5 cxb5 21. Qb3 Nb6 22. Qxb5 Qd7 23. Qxd7 Nxd7 24. Ba2 Nf6 25. Rfd1 b6 26. Kf1 Kf7 27. Ke2 Ke6 28. f3 Kd6 29. Kd3 g5 1/2-1/2

[Event "CAN-op (Pinnacle 48th CAN Op Ch)"]
[Site "Toronto CAN"]
[Date "2011.07.13"]
[Round "5"]
[White "Patterson, Roger"]
[Black "Wang, Richard"]
[Result "0-1"]
[WhiteElo "2141"]
[BlackElo "2240"]
[PlyCount "58"]
[GameId "2160767909707265"]
[EventDate "2011.07.09"]
[EventType "swiss"]
[EventRounds "9"]
[EventCountry "CAN"]
[SourceTitle "CBM 143 Extra"]
[Source "ChessBase"]
[SourceDate "2011.08.29"]
[SourceVersion "1"]
[SourceVersionDate "2011.08.29"]
[SourceQuality "1"]

1. e4 c5 2. Nf3 d6 3. d4 cxd4 4. Nxd4 Nf6 5. Nc3 g6 6. Be3 Bg7 7. f3 Nc6 8. Qd2 Bd7 9. Bc4 O-O 10. h4 Rc8 11. Bb3 h5 12. O-O-O Ne5 13. Kb1 Nc4 14. Bxc4 Rxc4 15. g4 hxg4 16. h5 Nxh5 17. Rdg1 Qc8 18. Nd5 Re8 19. fxg4 Bxg4 20. Rh4 e6 21. Nc3 f5 22. Ndb5 Qc6 23. Bh6 Bf6 24. Bg5 Be5 25. Rgxg4 fxg4 26. Rxh5 gxh5 27. Bh4 Qd7 28. Qg5+ Qg7 29. Qxh5 Rf8 0-1

[Event "CAN-op (Pinnacle 48th CAN Op Ch)"]
[Site "Toronto CAN"]
[Date "2011.07.14"]
[Round "6"]
[White "Wang, Richard"]
[Black "Bojkov, Dejan"]
[Result "0-1"]
[WhiteElo "2240"]
[BlackElo "2544"]
[PlyCount "56"]
[GameId "2160767909707355"]
[EventDate "2011.07.09"]
[EventType "swiss"]
[EventRounds "9"]
[EventCountry "CAN"]
[SourceTitle "CBM 143 Extra"]
[Source "ChessBase"]
[SourceDate "2011.08.29"]
[SourceVersion "1"]
[SourceVersionDate "2011.08.29"]
[SourceQuality "1"]

1. d4 Nf6 2. Nf3 d6 3. Nc3 Nbd7 4. e4 e5 5. dxe5 dxe5 6. a3 Be7 7. Bc4 O-O 8. O-O c6 9. Qe2 Qc7 10. Rd1 Nc5 11. Ne1 b5 12. Bd3 a5 13. Be3 Be6 14. f3 b4 15. Nb1 Nxd3 16. cxd3 Nd7 17. Rc1 Qb7 18. Qc2 Rfc8 19. Nd2 bxa3 20. bxa3 a4 21. Rcb1 Qa6 22. Qc3 Rab8 23. Nc2 Rb5 24. Rxb5 cxb5 25. Qb2 Qc6 26. Rc1 h6 27. Nb1 Bg5 28. Kf2 Bb3 0-1

[Event "CAN-op (Pinnacle 48th CAN Op Ch)"]
[Site "Toronto CAN"]
[Date "2011.07.15"]
[Round "7"]
[White "Ivanov, Mike"]
[Black "Wang, Richard"]
[Result "1/2-1/2"]
[WhiteElo "1934"]
[BlackElo "2240"]
[PlyCount "50"]
[GameId "2160767909707390"]
[EventDate "2011.07.09"]
[EventType "swiss"]
[EventRounds "9"]
[EventCountry "CAN"]
[SourceTitle "CBM 143 Extra"]
[Source "ChessBase"]
[SourceDate "2011.08.29"]
[SourceVersion "1"]
[SourceVersionDate "2011.08.29"]
[SourceQuality "1"]

1. Nc3 c5 2. e4 Nc6 3. f4 e6 4. Nf3 Nge7 5. g3 d5 6. Bg2 g6 7. O-O Bg7 8. d3 O-O 9. Bd2 Rb8 10. a4 a6 11. Nh4 f5 12. e5 b5 13. axb5 axb5 14. Be1 Qb6 15. Bf2 Bb7 16. Nf3 Rfc8 17. d4 c4 18. Qd2 Ra8 19. Rfd1 Ra6 20. Qe1 Rca8 21. Ne2 Ra2 22. Rxa2 Rxa2 23. Rb1 b4 24. Nc1 Ra8 25. h3 Ra5 1/2-1/2

[Event "CAN-op (Pinnacle 48th CAN Op Ch)"]
[Site "Toronto CAN"]
[Date "2011.07.16"]
[Round "8"]
[White "Wang, Richard"]
[Black "Abrahams, Daniel"]
[Result "1-0"]
[WhiteElo "2240"]
[BlackElo "2002"]
[PlyCount "131"]
[GameId "2160767909707502"]
[EventDate "2011.07.09"]
[EventType "swiss"]
[EventRounds "9"]
[EventCountry "CAN"]
[SourceTitle "CBM 143 Extra"]
[Source "ChessBase"]
[SourceDate "2011.08.29"]
[SourceVersion "1"]
[SourceVersionDate "2011.08.29"]
[SourceQuality "1"]

1. d4 Nf6 2. Nf3 g6 3. Nc3 Bg7 4. e4 d6 5. b3 O-O 6. Be3 c6 7. a4 Qc7 8. Be2 Nbd7 9. Nd2 b6 10. O-O Bb7 11. f4 e5 12. dxe5 dxe5 13. Nc4 Rfd8 14. Qd6 Ne8 15. Qxc7 Nxc7 16. Nd6 Ba6 17. Bxa6 Nxa6 18. f5 Ndc5 19. Rad1 f6 20. Nc4 g5 21. Bxc5 Nxc5 22. b4 Nb7 23. Kf2 Bf8 24. Na2 h5 25. g4 h4 26. c3 Kf7 27. Ke2 Ke8 28. Nc1 Rxd1 29. Rxd1 Rd8 30. Nd3 Be7 31. Rf1 Nd6 32. Nxd6+ Bxd6 33. Nb2 Kd7 34. Nc4 Kc7 35. Rb1 Be7 36. Ne3 Rd7 37. Ra1 Rd8 38. Rb1 Bf8 39. Rb2 Be7 40. Ra2 a6 41. Rb2 b5 42. axb5 axb5 43. Rc2 Kb7 44. Rc1 Ra8 45. Nc2 Ra2 46. Kd3 c5 47. bxc5 Bxc5 48. Rb1 Kc6 49. Ra1 Rxa1 50. Nxa1 Kb6 51. Kc2 Kc6 52. Kb3 Be7 53. Nc2 Bc5 54. Ne1 Bf2 55. Nd3 Bc5 56. Nc1 Be7 57. Ne2 Kc5 58. Nc1 Kc6 59. Na2 Kc7 60. c4 Kc6 61. Nc3 bxc4+ 62. Kxc4 Bd8 63. Nd5 Kd6 64. Kb5 Kd7 65. Kc5 Be7+ 66. Nxe7 1-0